000
00282nam a2200085Ia 4500
245
0
_a
Exploring sustainability science : a Southern African perspective
100
_a
Burns, Michael Stellenbosch, 2008 1st ed
_9
77697
942
_c
BK
008
210817s9999 xx 000 0 und d
999
_c
266379
_d
266378